[Event "HUN-chT2 Asztalos 1819"]
[Site "Hungary"]
[Date "2019.03.31"]
[Round "8.9"]
[White "Molnar, Lajos"]
[Black "Kondakor, Mark"]
[Result "0-1"]
[WhiteElo "1524"]
[BlackElo "1909"]
[PlyCount "66"]
[EventDate "2018.10.28"]
[EventType "team-tourn"]
[EventRounds "9"]
[EventCountry "HUN"]
[SourceTitle "EXT 2021"]
[Source "ChessBase"]
[SourceDate "2020.10.23"]
[SourceVersion "1"]
[SourceVersionDate "2020.10.23"]
[SourceQuality "1"]
[WhiteTeam "Szentlorinc"]
[BlackTeam "Nagyatad"]
[WhiteTeamCountry "HUN"]
[BlackTeamCountry "HUN"]

1. Nf3 Nf6 2. d4 d5 3. g3 g6 4. Bg2 Bg7 5. 0-0 0-0 6. b3 Ne4 7. Bb2 c5 8. e3 Nc6 9. Nbd2 Bg4 10. h3 Nxd2 11. Qxd2 Bf5 12. c3 Qd7 13. Kh2 cxd4 14. exd4 Be4 15. Rad1 Rad8 16. Ng5 Bxg2 17. Kxg2 f6 18. Nf3 e5 19. Rfe1 e4 20. Ng1 f5 21. f4 Qc7 22. Qe3 Qa5 23. Ra1 Rc8 24. Ne2 Rfd8 25. a4 Qb6 26. Reb1 Qxb3 27. Ba3 Qc4 28. Rxb7 Rb8 29. Rb4 Nxb4 30. Bxb4 Bf8 31. Bxf8 Kxf8 32. g4 Rb2 33. Re1 Qd3 0-1

[Event "Budapest-chT1 Lilienthal 1718"]
[Site "Budapest"]
[Date "2018.02.04"]
[Round "8"]
[White "Marton, Denes"]
[Black "Kondakor, Mark"]
[Result "1/2-1/2"]
[WhiteElo "2005"]
[BlackElo "1814"]
[PlyCount "58"]
[EventDate "2017.10.01"]
[EventType "team-tourn"]
[EventRounds "13"]
[EventCountry "HUN"]
[SourceTitle "EXT 2021"]
[Source "ChessBase"]
[SourceDate "2020.10.23"]
[SourceVersion "1"]
[SourceVersionDate "2020.10.23"]
[SourceQuality "1"]
[WhiteTeam "Budapest EAC II"]
[BlackTeam "SENSE"]
[WhiteTeamCountry "HUN"]
[BlackTeamCountry "HUN"]

1. Nf3 e6 2. g3 c5 3. Bg2 Nc6 4. 0-0 g6 5. d3 Bg7 6. Nbd2 Nge7 7. e4 0-0 8. a4 d6 9. c3 a6 10. Qc2 Rb8 11. Re1 b5 12. axb5 axb5 13. Nf1 Qb6 14. Be3 b4 15. Reb1 Bb7 16. Qd2 d5 17. Bh6 Rbd8 18. Bxg7 Kxg7 19. e5 d4 20. c4 b3 21. Qd1 Qc7 22. Qxb3 Rb8 23. Qa3 Nxe5 24. Nxe5 Ra8 25. Qb3 Bxg2 26. Kxg2 Rxa1 27. Rxa1 Rb8 28. Qa3 Qxe5 29. Nd2 Rb4 1/2-1/2

[Event "HUN-chT2 Asztalos 1617"]
[Site "Hungary"]
[Date "2017.03.12"]
[Round "10.11"]
[White "Kondakor, Mark"]
[Black "Salavecz, Gergely"]
[Result "0-1"]
[WhiteElo "1667"]
[BlackElo "1901"]
[PlyCount "66"]
[EventDate "2016.09.25"]
[EventType "team-tourn"]
[EventRounds "11"]
[EventCountry "HUN"]
[SourceTitle "EXT 2021"]
[Source "ChessBase"]
[SourceDate "2020.10.23"]
[SourceVersion "1"]
[SourceVersionDate "2020.10.23"]
[SourceQuality "1"]
[WhiteTeam "Nagyatad"]
[BlackTeam "Balatonfuered"]
[WhiteTeamCountry "HUN"]
[BlackTeamCountry "HUN"]

1. d4 d5 2. c4 dxc4 3. e4 Nc6 4. Nf3 Bg4 5. Bxc4 e6 6. Be3 Bxf3 7. gxf3 Qf6 8. Bb5 Bb4+ 9. Nc3 Nge7 10. a3 Ba5 11. f4 0-0-0 12. e5 Qh4 13. Bxc6 Nxc6 14. Qa4 Bb6 15. Ne2 Nxd4 16. Nxd4 Bxd4 17. 0-0-0 Bxe3+ 18. fxe3 a6 19. Qc2 Qe7 20. Qc4 h6 21. Rhf1 g5 22. f5 Rxd1+ 23. Kxd1 exf5 24. Qc3 Rd8+ 25. Ke2 Qd7 26. Rc1 f4 27. exf4 Qg4+ 28. Ke1 Qg1+ 29. Ke2 Qxh2+ 30. Ke1 Qg1+ 31. Ke2 Qg2+ 32. Ke3 Qg3+ 33. Ke4 Qxf4# 0-1

[Event "HUN-chT2 Asztalos 1516"]
[Site "Hungary"]
[Date "2016.04.17"]
[Round "11.11"]
[White "Rostas, Sandor"]
[Black "Kondakor, Mark"]
[Result "0-1"]
[WhiteElo "1525"]
[BlackElo "1546"]
[PlyCount "80"]
[EventDate "2015.09.13"]
[EventType "team-tourn"]
[EventRounds "11"]
[EventCountry "HUN"]
[SourceTitle "EXT 2017"]
[Source "ChessBase"]
[SourceDate "2016.10.25"]
[SourceVersion "1"]
[SourceVersionDate "2016.10.25"]
[SourceQuality "1"]
[WhiteTeam "Szentlorinc"]
[BlackTeam "Nagyatad"]
[WhiteTeamCountry "HUN"]
[BlackTeamCountry "HUN"]

1. d4 Nf6 2. Bf4 g6 3. h3 Bg7 4. e3 d6 5. Bd3 0-0 6. c3 Nbd7 7. Nd2 c5 8. Ngf3 a6 9. 0-0 b5 10. b3 Nd5 11. Qc2 Nxf4 12. exf4 e6 13. Ne4 Qc7 14. Ng3 cxd4 15. Nxd4 Nc5 16. Rac1 Nxd3 17. Qxd3 e5 18. fxe5 dxe5 19. Nde2 Rd8 20. Qe3 f5 21. f4 Re8 22. Rfd1 Bb7 23. Qf2 Rad8 24. Rxd8 Rxd8 25. Nf1 exf4 26. Nxf4 Qd6 27. Ne3 Qd2 28. Ne2 Re8 29. Rd1 Qxe3 30. Qxe3 Rxe3 31. Kf2 Re7 32. Rd8+ Kf7 33. Rd2 Rc7 34. Rc2 Be4 35. Rc1 Be5 36. c4 bxc4 37. bxc4 Bd3 38. c5 Bxe2 39. Kxe2 Ke6 40. Kd3 Kd5 0-1